Soil physics / (Record no. 169223)

MARC details
000 -LEADER
fixed length control field 00571nam a2200193 4500
005 - DATE AND TIME OF LATEST TRANSACTION
control field 20191108143057.0
010 ## - LCCN (DPL NO)
LC control number ENG-126870
020 ## - INTERNATIONAL STANDARD BOOK NUMBER
International Standard Book Number 9788189433474
Terms of availability 800.00
035 ## - SYSTEM CONTROL NUMBER
System control number EN-110402
037 ## - SOURCE OF ACQUISITION
Source of stock number/acquisition DBAD/PUB
082 ## - DEWEY DECIMAL CLASSIFICATION NUMBER
Classification number 631.4
100 ## - MAIN ENTRY--PERSONAL NAME
Personal name Ajay Singh
245 ## - TITLE STATEMENT
Title Soil physics /
Statement of responsibility, etc by Ajay Singh
260 ## - PUBLICATION, DISTRIBUTION, ETC. (IMPRINT)
Place of publication, distribution, etc Delhi
Name of publisher, distributor, etc Caliber Publishers & Distributor
Date of publication, distribution, etc 2018
270 ## - ADDRESS
Address L-45, 2st floor, gali no. 5, Shivaji Marg, Kartar Nagar
City Delhi
Postal code 110052
300 ## - PHYSICAL DESCRIPTION
Extent viii;280p.
Dimensions 22cm(Hb)
500 ## - GENERAL NOTE
General note Includes index
942 ## - ADDED ENTRY ELEMENTS (KOHA)
Source of classification or shelving scheme Dewey Decimal Classification
Item type English Books
Classification part 631.4
Call number suffix AJA
Holdings
Withdrawn status Lost status Not for loan Collection code Home library Current library Date acquired Source of acquisition Cost, normal purchase price Full call number Barcode Copy number Cost, replacement price Koha item type
      Non-fiction Central Library Central Library 08/11/2019 DBAD/PUB 800.00 631.4 AJA EN-110402 1 800.00 English Books

© Delhi Public Library
Hit Counter
free hit counter